Reklama - účetní a daňový pohled

Posudzovanie účtovných a daňových dopadov rôznych foriem reklamy. Daňové a nedaňové náklady na reklamu. Splnenie dôkaznej povinnosti - zhromaždenie dôkazov a ich archivácia. Daňové a účtovné aspekty niektorých nákladov vynaložených na rôzne formy reklamy. Príklady.

Salvato in:
Dettagli Bibliografici
Autore principale: Pelcová, Romana
Natura: Capitolo di libro
Lingua:ceco
Soggetti:
Tags: Aggiungi Tag
Nessun Tag, puoi essere il primo ad aggiungerne!!

MARC

LEADER 00000naa a2200000 4500
001 r045190
005 20230913090327.2
041 0 |a cze 
044 |a CZ 
245 1 0 |a Reklama - účetní a daňový pohled  |c Romana Pelcová 
520 |a Posudzovanie účtovných a daňových dopadov rôznych foriem reklamy. Daňové a nedaňové náklady na reklamu. Splnenie dôkaznej povinnosti - zhromaždenie dôkazov a ich archivácia. Daňové a účtovné aspekty niektorých nákladov vynaložených na rôzne formy reklamy. Príklady. 
610 2 0 |a reklama 
610 2 0 |a predpisy daňové 
610 2 0 |a účtovanie nákladov 
610 2 0 |a náklady daňové 
610 2 0 |a archívy účtovné 
100 1 |a Pelcová, Romana